1375 1582 1887 1483 1481 1608 1810 1908 1809 1690 1311 1735 1921 1104 1340 1533 1652 1865 1919 1292 1339 1993 1991 1343 1177 1842 1579 1354 1372 1861 1916 1428 1509 1106 1640 1828 1299 1128 1721 1088 1506 1386 1506 1585 1199 1591 1840 1684 1312 1777 1188 1932 1425 1778 1532 1042 1797 1122 1169 1181 1153 1485 1792 1342 1959 1054 1723 1635 1046 1292 1279 1616 1764 1378 1446 1302 1331 1592 1956 1225 1052 1060 1266 1922 1107 1891 1550 1461 1245 1247 1398 1290 1336 1851 1817 1205 1356 1644 1961 BCNSPRNW ULIB Ver.6.0+V

เปลี่ยนเป็นภาษาไทย

Change to English
 แสดงรายละเอียดบรรณานุกรม
  กลับหน้าหลัก

Brief Record : Get Marc (ISO 2709) : E-mail record : QR code < ปิดหน้าต่าง
LEADER : 00000nam 2200000uu 4500
001    13399125647
003     ULIB
008    170713s2559||||th 000 0 tha d
020    ^a9786161812331
060  4  ^aWO500^bบ969
245  0  ^aไบเบิลศัลยกรรมเกาหลี /^cThe Grand Plastic Surgery, เขียน ; อภิศรี, แปล.
250    ^aพิมพ์ครั้งที่ 1.
260    ^aกรุงเทพฯ :^bอมรินทร์เฮลท์,^c2559.
300    ^a185 หน้า :^bภาพประกอบ ;^c22 ซม.
490    ^aชุดความงาม ;^vลำดับที่ 47
650    ^aสตรี^xความงาม.
650    ^aสุขภาพกับความงาม.
650    ^aศัลยกรรมตกแต่ง.
700  0  ^aอภิศรี,^eผู้แปล.
945    ^p365^l0^i002627
999    ^aประนอม เกษจรัล
รายการนี้ยังไม่มีแท็ก
คุณยังไม่ได้ล็อกอิน คุณสามารถมีกิจกรรมร่วมกับเว็บไซต์ได้ แต่ต้องล็อกอินก่อน ::
  ล็อกอิน

รายการสื่อสารสนเทศ

ลำดับที่ ประเภท เลขเรียก/บาร์โค้ด สถานที่ สถานะ
1. วิทยาศาสตร์การแพทย์ และสุขภาพ
วิทยาศาสตร์การแพทย์ และสุขภาพ
WO500 บ969 ฉ.1 
  Barcode: 002627
ห้องสมุดวิทยาเขตสวรรค์ประชารักษ์
►ส่วนจัดเก็บหนังสือเก่า สปร
บนชั้น
  ขอยืม

รายการใกล้เคียง
    หัวเรื่อง [สุขภาพกับความงาม.]
    หัวเรื่อง [ศัลยกรรมตกแต่ง.]

BibComment


ยังไม่เคยถูกคอมเมนท์

คอมเมนท์ทรัพยากรรายการนี้
  คอมเมนท์: ไบเบิลศัลยกรรมเ..


 Copyright 2026. Bcnsprnw @Library